Concise Introduction to MATLAB (Record no. 294989)

000 -LEADER
fixed length control field 00284 a2200121 4500
001 - CONTROL NUMBER
control field 59916
082 ## - DEWEY DECIMAL CLASSIFICATION NUMBER
Classification number 519.402 PAL
090 ## - LOCALLY ASSIGNED LC-TYPE CALL NUMBER (OCLC); LOCAL CALL NUMBER (RLIN)
-- 36751
-- 36751
100 ## - MAIN ENTRY--PERSONAL NAME
Personal name Palm William J
245 ## - TITLE STATEMENT
Title Concise Introduction to MATLAB
260 ## - PUBLICATION, DISTRIBUTION, ETC.
Place of publication, distribution, etc. USA
Name of publisher, distributor, etc. Mc Graw Hill
Date of publication, distribution, etc. 2008
300 ## - PHYSICAL DESCRIPTION
Extent xii, 418p.
942 ## - ADDED ENTRY ELEMENTS (KOHA)
Institution code [OBSOLETE] NUST-CAE
Call number prefix 519.402 PAL
Holdings
Withdrawn status Lost status Damaged status Not for loan Collection code Permanent Location Current Location Date acquired Total Checkouts Full call number Barcode Date last seen Price effective from Koha item type
          College of Aeronautical Engineering (CAE) College of Aeronautical Engineering (CAE) 04/03/2017   519.402 PAL CAE81410 04/05/2017 04/05/2017 Book
© 2023 Central Library, National University of Sciences and Technology. All Rights Reserved.